Darrang Udalguri : (Record no. 8972)

MARC details
000 -LEADER
fixed length control field 00574cam a2200205ua 4500
001 - CONTROL NUMBER
control field 9979
005 - DATE AND TIME OF LATEST TRANSACTION
control field 20260515114541.0
008 - FIXED-LENGTH DATA ELEMENTS--GENERAL INFORMATION
fixed length control field 170228n ii |||gr||||Z||||||mul
020 ## - INTERNATIONAL STANDARD BOOK NUMBER
International Standard Book Number 9788192178622
040 ## - CATALOGING SOURCE
Transcribing agency MAIN
041 ## - LANGUAGE CODE
Language code of text/sound track or separate title mul
082 ## - DEWEY DECIMAL CLASSIFICATION NUMBER
Classification number 891.451
100 ## - MAIN ENTRY--PERSONAL NAME
Personal name Nath, Phanindra Kumar,
Relator term Editor.
245 ## - TITLE STATEMENT
Title Darrang Udalguri :
Remainder of title aitijya aru sanskriti /
Statement of responsibility, etc. Edited by Phanindra Kumar Nath and Dimbeswar Baruah .
260 ## - PUBLICATION, DISTRIBUTION, ETC.
Place of publication, distribution, etc. Guwahati:
Name of publisher, distributor, etc. ACTA,
Date of publication, distribution, etc. 2016.
300 ## - PHYSICAL DESCRIPTION
Extent 384p.
653 ## - INDEX TERM--UNCONTROLLED
Uncontrolled term Multilingual articles
700 ## - ADDED ENTRY--PERSONAL NAME
Personal name Baruah, Dimbeswar,
Relator term Editor.
942 ## - ADDED ENTRY ELEMENTS (KOHA)
Koha item type Books
Holdings
Withdrawn status Lost status Damaged status Not for loan Home library Current library Shelving location Date acquired Total checkouts Full call number Barcode Date last seen Copy number Price effective from Koha item type
        Naharkatiya College Library Naharkatiya College Library General stacks 09/19/2020   891.451 | DAR 23600 09/19/2020 1 09/19/2020 Books